000 00592nam a2200193Ii 4500
003 JO-AjNU
008 230605s9999||||xx |||||||||||||| ||und||
040 _aJO-AjNU
_bara
_erda
_cJO-AjNU
041 _aara
050 1 4 _aPJ6131.F3264 1900
100 3 _aالفضيلي، عبد الهادي,
_eauthor
_936692
245 0 0 _aمختصر الصرف
264 3 1 _aبيروت: دار القلم، 1900
300 _a142ص
336 _atext
_btxt
_2rdacontent
337 _aunmediated
_bn
_2rdamedia
338 _avolume
_bnc
_2rdacarrier
650 4 _aاللغة العربية-الصرف
_936693
999 _aA15267
_c18835
_d18835